[Event "Titled Tue 30th Apr Early"]
[Site "chess.com INT"]
[Date "2024.04.30"]
[Round "11"]
[White "Nakamura,Hi"]
[Black "Aradhya,Garg"]
[Result "1-0"]
[WhiteElo "2789"]
[BlackElo "2385"]

1.h4 e5 2.c4 Nf6 3.g3 d5 4.cxd5 Qxd5 5.Nf3 Nc6 6.Nc3 Qd8 7.d3 Bc5 8.Bg2 Ng4
9.O-O O-O 10.Nh2 a5 11.Nxg4 Bxg4 12.Be3 Bxe3 13.fxe3 Ne7 14.Qd2 c6 15.Kh2 f5
16.Nd1 Nd5 17.Nf2 Nf6 18.e4 Qd6 19.exf5 Bxf5 20.Qg5 Bg6 21.Ng4 Nxg4+ 22.Qxg4 Kh8
23.a3 Qd4 24.Qxd4 exd4 25.b4 Rfe8 26.Bf3 Re5 27.Rab1 axb4 28.Rxb4 Rxa3 29.Rxb7 h5
30.Rfb1 Ra2 31.Kg1 Re3 32.Rb8+ Kh7 33.Rf8 Re8 34.Rxe8 Bxe8 35.Rb8 Bd7 36.Bxh5 c5
37.Bf3 Bf5 38.g4 Bg6 39.h5 Bf7 40.g5 g6 41.Rb7 Kg8 42.h6 Ra8 43.Rc7 Rf8 44.Rxc5 Be6
45.Rc7 Rf5 46.Rg7+ Kh8 47.Rxg6 Bd5 48.Bxd5 Rxd5 49.Kf1 Rf5+ 50.Ke1 Ra5 51.Kf2 Rf5+
52.Kg3 Re5 53.Kg4 Rxe2 54.Rd6 Kh7 55.Rd7+ Kg8 56.g6 Rg2+ 57.Kf5 Rf2+ 58.Ke4 Kf8
59.h7 Rh2 60.Ra7 Rh4+ 61.Kd5 Rh5+ 62.Kc4 Rh1 63.g7+ Ke8 64.g8=B Kf8 65.Kxd4 Rh4+
66.Kc3 Rh5 67.Bc4 Rh4 68.h8=B Rxh8 69.Ra8+ Kg7 70.Rxh8 Kxh8 71.d4 Kg7 72.d5 Kf6
73.Kd4 Ke7 74.Kc5 Kd7 75.d6 Kd8 76.Kc6 Kc8 77.d7+ Kd8 78.Bd3 Ke7 79.Kc7 Ke6
80.d8=R Ke5 81.Be4 Kxe4 82.Kc6 Kf5 83.Kd5 Kf6 84.Re8 Kf7 85.Re1 Kf6 86.Re2 Kf7
87.Kd6 Kg6 88.Rf2 Kg5 89.Ke5 Kg4 90.Rf8 Kg3 91.Ke4 Kg2 92.Ke3 Kg1 93.Ke2 Kg2
94.Rg8+ Kh3 95.Kf3 Kh2 96.Rg7 Kh1 97.Kf2 Kh2 98.Rh7+  1-0

[Event "Casablanca Chess 2024"]
[Site "Casablanca MAR"]
[Date "2024.05.18"]
[Round "1.2"]
[White "Nakamura,Hi"]
[Black "Amin,B"]
[Result "1-0"]
[WhiteElo "2795"]
[BlackElo "2683"]

1.e4 e5 2.Nf3 Nc6 3.Bc4 Bc5 4.b4 Bxb4 5.c3 Ba5 6.O-O Qf6 7.d4 Nge7 8.Bg5 Qd6
9.Qb3 O-O 10.Rd1 Bb6 11.Bf1 exd4 12.cxd4 Ng6 13.Nc3 Nxd4 14.Rxd4 Bxd4 15.Nb5 Bxa1
16.Nxd6 cxd6 17.h4 d5 18.Qd1 Bb2 19.Qb3 Ba1 20.Qb1 Bc3 21.Qc1 d4 22.h5 Nh8
23.e5 Re8 24.Bf6 h6 25.Qf4 Bb4 26.Bd3 d5 27.Bxg7 Kxg7 28.Qf6+  1-0

[Event "Casablanca Chess 2024"]
[Site "Casablanca MAR"]
[Date "2024.05.18"]
[Round "2.2"]
[White "Anand,V"]
[Black "Nakamura,Hi"]
[Result "1/2-1/2"]
[WhiteElo "2751"]
[BlackElo "2795"]

1.e4 c5 2.Nf3 Nc6 3.d4 cxd4 4.Nxd4 e6 5.Nc3 d6 6.Be2 Nf6 7.O-O Be7 8.Kh1 O-O
9.f4 Nxd4 10.Qxd4 b6 11.Be3 Bb7 12.Bf3 d5 13.exd5 Nxd5 14.Nxd5 Bxd5 15.Bxd5 Bc5
16.Qd3 Qxd5 17.Qxd5 exd5 18.Bxc5 bxc5 19.Rad1 d4 20.Kg1 Rab8 21.b3 Rfe8 22.Rfe1 f5
23.Rxe8+ Rxe8 24.b4 cxb4 25.Rxd4 a5 26.Rd5 a4 27.Rxf5 Re1+ 28.Kf2 Rc1 29.Rc5 b3
30.axb3 axb3 31.Rb5 Rxc2+ 32.Kf3 b2 33.Rb7 h5 34.h4 Kh7 35.f5 Kg8 36.g4 hxg4+
37.Kxg4 Kf8 38.h5 Ke8 39.f6 gxf6 40.h6 Rh2 41.Kf5 Rxh6 42.Rxb2 Ke7 43.Rb7+ Ke8
44.Ra7 Kf8 45.Rb7 Ke8 46.Ke6 f5+ 47.Kxf5 Rd6 48.Ke5 Rd7 49.Rxd7 Kxd7  1/2-1/2

[Event "Casablanca Chess 2024"]
[Site "Casablanca MAR"]
[Date "2024.05.18"]
[Round "3.1"]
[White "Nakamura,Hi"]
[Black "Carlsen,M"]
[Result "0-1"]
[WhiteElo "2795"]
[BlackElo "2830"]

1.e4 c5 2.Nf3 e6 3.d4 cxd4 4.Nxd4 Nc6 5.Nc3 d6 6.g4 h6 7.h4 a6 8.Bg2 Be7
9.Be3 Nxd4 10.Qxd4 e5 11.Qd1 Be6 12.Nd5 Rc8 13.c3 Nf6 14.Nxe7 Kxe7 15.g5 Ng4
16.Bc1 hxg5 17.Bf3 Qd7 18.Rg1 Nh2 19.Bxg5+ f6 20.Be3 Rcg8 21.h5 Nxf3+ 22.Qxf3 Qb5
23.Bc1 Bf7 24.Rh1 Qa4 25.Qe2 d5 26.exd5 Bxd5 27.Rh2 Qc6 28.f4 Bf3 29.Qe3 Rxh5
30.Rxh5 Bxh5 31.fxe5 Re8 32.Qg1 Kf7 33.Be3 Rxe5 34.Kd2 Qd5+ 35.Kc1 Rxe3  0-1

[Event "Casablanca Chess 2024"]
[Site "Casablanca MAR"]
[Date "2024.05.19"]
[Round "4.1"]
[White "Amin,B"]
[Black "Nakamura,Hi"]
[Result "0-1"]
[WhiteElo "2683"]
[BlackElo "2795"]

1.e4 e6 2.d4 d5 3.Nc3 Bb4 4.a3 Bxc3+ 5.bxc3 dxe4 6.Qg4 Nf6 7.Qxg7 Rg8 8.Qh6 c5
9.dxc5 Rg6 10.Qe3 Qa5 11.Rb1 Nbd7 12.Ne2 Qxc5 13.Qxc5 Nxc5 14.Be3 b6 15.Nf4 Rg8
16.Bb5+ Bd7 17.Bxc5 bxc5 18.Bxd7+ Nxd7 19.O-O Ke7 20.Rfe1 Rab8 21.Rb3 f5
22.f3 Nf6 23.Kf2 e5 24.Nh3 Rb6 25.c4 Rd6 26.Rb7+ Ke6 27.g3 Ra6 28.f4 Ng4+
29.Kg2 Rd8 30.Re2 Rxa3 31.Ng5+ Kf6 32.h4 exf4 33.gxf4 h6 34.Rf7+ Kg6 35.h5+ Kxh5
36.Ne6 Rd1 37.Ng7+ Kg6 38.Rc7 Ne3+ 39.Kh2 Nf1+ 40.Kg2 Rg3+ 41.Kh1 Rh3+ 42.Kg1 Ne3+  0-1

[Event "Casablanca Chess 2024"]
[Site "Casablanca MAR"]
[Date "2024.05.19"]
[Round "5.1"]
[White "Nakamura,Hi"]
[Black "Anand,V"]
[Result "1/2-1/2"]
[WhiteElo "2795"]
[BlackElo "2751"]

1.c4 e6 2.Nf3 Nf6 3.g3 d5 4.b3 Be7 5.Bg2 O-O 6.O-O b6 7.Bb2 Bb7 8.e3 Nbd7
9.Qe2 c5 10.Rd1 Qc7 11.Nc3 Rad8 12.Rac1 Qb8 13.Nh4 dxc4 14.bxc4 Bxg2 15.Nxg2 a6
16.f4 Qb7 17.a4 Ne4 18.Nb1 Nd6 19.d3 b5 20.axb5 axb5 21.cxb5 Qxb5 22.Ne1 Rb8
23.Rc2 Rfc8 24.Nd2 Bf6 25.Bxf6 Nxf6 26.e4 Nd7 27.Rdc1 Qa6 28.Nef3 h6 29.g4 Rd8
30.h4 Nb5 31.Nc4 Nf8 32.Ra2 Qb7 33.g5 hxg5 34.hxg5 Ng6 35.Nfe5 Nd4 36.Qe3 Nxe5
37.Nxe5 Nc6 38.Ng4 c4 39.dxc4 Qb3 40.Qxb3 Rxb3 41.c5 Nb4 42.Rg2 Nd3 43.Rd1 Rc8
44.Rg3 Nxc5 45.Rxb3 Nxb3 46.Kf2 Rc2+ 47.Ke3 Rc3+ 48.Rd3 Rxd3+ 49.Kxd3 Kf8
50.f5 exf5 51.exf5 Ke7 52.f6+ gxf6 53.gxf6+ Ke6 54.Nh6 Kxf6 55.Nxf7 Kxf7  1/2-1/2

[Event "Titled Tue 21st May Early"]
[Site "chess.com INT"]
[Date "2024.05.21"]
[Round "1"]
[White "Nakamura,Hi"]
[Black "Andreev,Konstantin"]
[Result "1-0"]
[WhiteElo "2794"]
[BlackElo "2216"]

1.Nf3 Nf6 2.b3 b5 3.e3 a6 4.Na3 Bb7 5.c4 bxc4 6.Nxc4 e6 7.d4 Be7 8.Bd3 O-O
9.O-O c5 10.Bb2 Nc6 11.dxc5 Bxc5 12.Rc1 Qe7 13.e4 d5 14.Bxf6 Qxf6 15.exd5 exd5
16.Na5 Bxf2+ 17.Rxf2 Nxa5 18.Qd2 Qb6 19.Nd4 Nc6 20.Nf5 g6 21.Qh6 gxf5 22.Bxf5  1-0

[Event "Titled Tue 21st May Late"]
[Site "chess.com INT"]
[Date "2024.05.21"]
[Round "1"]
[White "Nakamura,Hi"]
[Black "Jimenez Almeida,L"]
[Result "1-0"]
[WhiteElo "2794"]
[BlackElo "2206"]

1.h4 d5 2.Nf3 Nf6 3.d4 c5 4.c3 Nc6 5.Bf4 e6 6.e3 Bd6 7.g3 O-O 8.Nbd2 Re8
9.Ne5 Qc7 10.Bb5 Nd7 11.Nxd7 Bxd7 12.dxc5 Bxf4 13.gxf4 e5 14.fxe5 Nxe5 15.Be2 Qxc5
16.Nb3 Qd6 17.Qd4 Nc6 18.Qc5 Qe5 19.O-O-O Be6 20.Nd4 Nxd4 21.Qxd4 Qf5 22.Rdg1 f6
23.Rg2 Re7 24.Rhg1 Qe5 25.Rd1 Qxd4 26.Rxd4 Rd8 27.Bf3 Red7 28.Kd2 Kf7 29.h5 b6
30.Be2 Bf5 31.f3 Be6 32.Bd3 f5 33.Rh2 Kf6 34.Ke2 Re8 35.Kf2 Ree7 36.Bc2 g5
37.hxg6 hxg6 38.Rdh4 b5 39.Bd3 Rb7 40.Kg3 a5 41.a3 Rec7 42.Rd4 Ke5 43.Rh6 Kf6
44.Rh8 Rh7 45.Rxh7 Rxh7 46.Bxb5 Rb7 47.a4 Ke5 48.b4 axb4 49.cxb4 g5 50.f4+ gxf4+
51.Rxf4 Kd6 52.Be2 Bd7 53.a5 Ke5 54.a6 Ra7 55.b5 Bc8 56.b6 Rg7+ 57.Kf2 Kd6
58.Rb4 Kc5 59.b7 Bxb7 60.axb7 Kxb4 61.b8=Q+ Kc3 62.Qe5+ Kd2 63.Qxg7 d4 64.Qxd4+ Kc1
65.Qc3+ Kb1 66.Qd2 f4 67.exf4 Ka1 68.Ke3 Kb1 69.Kd4 Ka1 70.Kc3 Kb1 71.Qb2+  1-0

[Event "Titled Tue 21st May Early"]
[Site "chess.com INT"]
[Date "2024.05.21"]
[Round "2"]
[White "Pakleza,Z"]
[Black "Nakamura,Hi"]
[Result "0-1"]
[WhiteElo "2489"]
[BlackElo "2794"]

1.d4 a6 2.Nf3 b5 3.Bf4 Bb7 4.e3 e6 5.h3 c5 6.c3 d6 7.dxc5 dxc5 8.Qxd8+ Kxd8
9.a4 b4 10.cxb4 cxb4 11.Nbd2 f6 12.Nc4 e5 13.O-O-O+ Ke8 14.Bh2 Nd7 15.Rxd7 Kxd7
16.Nb6+ Kc7 17.Nxa8+ Bxa8 18.Bxa6 Ne7 19.Kd2 Kb6 20.Bb5 Nf5 21.Rc1 Nd6 22.Be2 Ne4+
23.Ke1 b3 24.Kf1 Bb4 25.Bd1 Bd5 26.g4 Ra8 27.Ra1 Nc5 28.Ne1 Bxe1 29.Kxe1 Nd3+
30.Kf1 Ka5 31.Rb1 Kb4 32.f4 Rxa4 33.fxe5 fxe5 34.Be2 Be4 35.Kg1 Nf4 36.Re1 Nxh3+
37.Kf1 Ra7 38.Bd1 Rf7+ 39.Ke2 Rf2+  0-1

[Event "Titled Tue 21st May Late"]
[Site "chess.com INT"]
[Date "2024.05.21"]
[Round "2"]
[White "Djokic,Mihailo"]
[Black "Nakamura,Hi"]
[Result "1/2-1/2"]
[WhiteElo "2158"]
[BlackElo "2794"]

1.e4 d5 2.exd5 Qxd5 3.Nc3 Qa5 4.Bc4 c6 5.d3 Bf5 6.Ne2 e6 7.Bd2 Nf6 8.Ng3 Bg6
9.Qe2 Bb4 10.a3 Nbd7 11.O-O Bxc3 12.Bxc3 Qc7 13.f4 O-O-O 14.Kh1 h5 15.a4 h4
16.Ne4 Nh5 17.Qe3 Kb8 18.Nc5 Ka8 19.a5 Ndf6 20.Be5 Ng4 21.Bxc7 Nxe3 22.Bxd8 Nxf1
23.Bxh4 Ne3 24.Bb3 Nxf4 25.Bg5 Nfxg2 26.Rg1 Bf5 27.Bxe3 Nxe3 28.Rxg7 b6 29.axb6 axb6
30.Nd7 Kb7 31.Ne5 Ka6 32.Nxc6 Ng4 33.Rxf7 b5 34.Nd4 Rxh2+ 35.Kg1 Rd2 36.Nxf5 exf5
37.Re7 f4 38.Re4 Ka5 39.Rxf4 Ne3 40.Re4 Rg2+ 41.Kh1 Rg3 42.Kh2 Nf1+ 43.Kh1 Rg7
44.Re8 Kb4 45.Rc8 Nd2 46.Kh2 Nf3+ 47.Kh3 Rg5 48.Rc7 Nd2 49.Rc8 Nxb3 50.cxb3 Kxb3
51.Rd8 Kxb2 52.d4 b4 53.d5 b3 54.d6 Rd5 55.d7 Rd1 56.Kg3 Kb1 57.Rb8 Ka2 58.d8=Q Rxd8
59.Rxd8 b2 60.Ra8+ Kb3 61.Rb8+ Kc2 62.Rxb2+ Kxb2  1/2-1/2

[Event "Titled Tue 21st May Early"]
[Site "chess.com INT"]
[Date "2024.05.21"]
[Round "3"]
[White "Nakamura,Hi"]
[Black "Harshavardhan,G B"]
[Result "1-0"]
[WhiteElo "2794"]
[BlackElo "2433"]

1.h4 e5 2.c4 Nf6 3.g3 d5 4.cxd5 Qxd5 5.Nf3 e4 6.Nc3 Qf5 7.Bh3 Qxh3 8.Rxh3 Bxh3
9.Ng5 Bf5 10.Qb3 Nbd7 11.Qxf7+ Kd8 12.Qc4 Kc8 13.Nf7 Rg8 14.Nb5 Bc5 15.b4 a6
16.Nbd6+ cxd6 17.bxc5 Kb8 18.Nxd6 Bg4 19.c6 Kc7 20.cxb7+ Kxd6 21.Ba3+ Ke5
22.bxa8=B Rxa8 23.Rb1 Kf5 24.Rb7 Kg6 25.Bb2 h5 26.Bxf6 gxf6 27.Rxd7 Bf5 28.Qf7+  1-0

[Event "Titled Tue 21st May Late"]
[Site "chess.com INT"]
[Date "2024.05.21"]
[Round "3"]
[White "Nakamura,Hi"]
[Black "Hasangatin,R"]
[Result "1-0"]
[WhiteElo "2794"]
[BlackElo "2444"]

1.h4 d5 2.d4 Nf6 3.Bf4 e6 4.e3 c5 5.c3 Bd6 6.Nf3 Qc7 7.Na3 Bxf4 8.Nb5 Qb6
9.dxc5 Qxc5 10.exf4 O-O 11.Qd4 Qxd4 12.Nbxd4 b6 13.a4 a6 14.Bd3 g6 15.a5 b5
16.Kd2 Bd7 17.Ne5 Rc8 18.g4 Be8 19.h5 Nc6 20.hxg6 hxg6 21.Ndxc6 Bxc6 22.Rh4 Kg7
23.g5 Nh5 24.Be2 d4 25.cxd4 Be4 26.Bd3 Bxd3 27.Kxd3 Rc7 28.Ra3 Rac8 29.Rc3 b4
30.Rxc7 Rxc7 31.f5 exf5 32.d5 Rc1 33.Rd4 Rd1+ 34.Kc4 Rxd4+ 35.Kxd4 Kf8 36.Nd3 Ke7
37.Nxb4 f6 38.Nxa6 fxg5 39.Nc5 Nf6 40.a6 Ne8 41.Ke5 f4 42.a7  1-0

[Event "Titled Tue 21st May Late"]
[Site "chess.com INT"]
[Date "2024.05.21"]
[Round "4"]
[White "Yuan,Qingyu"]
[Black "Nakamura,Hi"]
[Result "0-1"]
[WhiteElo "2360"]
[BlackElo "2794"]

1.e4 d5 2.exd5 Qxd5 3.Nc3 Qa5 4.d4 c6 5.Nf3 Nf6 6.Bc4 Bf5 7.Ne5 e6 8.g4 Bg6
9.h4 Nbd7 10.Nxd7 Kxd7 11.h5 Be4 12.O-O Bd5 13.Nxd5 cxd5 14.Bd3 h6 15.Qf3 Bd6
16.Bf4 Bxf4 17.Qxf4 Qc7 18.Qf3 Rhd8 19.Rfe1 Rac8 20.c3 Qd6 21.Re5 Kc7 22.a4 Kb8
23.a5 a6 24.Ra4 Qc7 25.Re1 Rd6 26.Kg2 Rc6 27.Re2 Ne8 28.Re1 Ka7 29.Qg3 Qd8
30.Qf4 R6c7 31.Rb4 Nf6 32.Ra1 Rc6 33.f3 R8c7 34.Ra3 Rd7 35.Ra1 Ne8 36.Rb3 Nd6
37.Rb4 Re7 38.Rba4 Ka8 39.Re1 Rd7 40.Re2 Nc8 41.Re1 Na7 42.Qe5 Qf8 43.Qf4 Rc8
44.Rb4 Nc6 45.Ra4 Qd8 46.Rea1 Re7 47.Re1 Rcc7 48.Qg3 Re8 49.Qf4 Rce7 50.b4 e5
51.Qd2 exd4 52.Rxe7 Rxe7 53.b5 axb5 54.Bxb5 Na7 55.Bf1 dxc3 56.Qxc3 f6 57.a6 b6
58.Rd4 Rd7 59.Qd2 Nc6 60.Ra4 Rd6 61.Bd3 Ka7 62.Ra1 d4 63.Be4 d3 64.Rc1 Ne5
65.Rc3 Rd7 66.Ra3 Nc4 67.Qc3 Nxa3 68.Qxa3 d2 69.Bc2 d1=Q 70.Bxd1 Rxd1 71.Qc3 Qd2+  0-1

[Event "Titled Tue 21st May Early"]
[Site "chess.com INT"]
[Date "2024.05.21"]
[Round "4"]
[White "Grigorjev,Iljya"]
[Black "Nakamura,Hi"]
[Result "0-1"]
[WhiteElo "2433"]
[BlackElo "2794"]

1.e4 a6 2.d4 e6 3.Nc3 d5 4.Nf3 Nf6 5.Bd3 c5 6.exd5 exd5 7.dxc5 Bxc5 8.O-O O-O
9.h3 Nc6 10.Re1 h6 11.Bf4 Be6 12.a3 Re8 13.Qd2 Rc8 14.Rad1 Bf8 15.Ne5 Qb6
16.Na4 Qa7 17.b4 Red8 18.c3 d4 19.c4 a5 20.Nxc6 Rxc6 21.b5 Rcc8 22.b6 Qa8
23.Bc7 Bxa3 24.Bxd8 Bb4 25.Qf4 Rxd8 26.Re2 Bd7 27.Bc2 Bxa4 28.Bxa4 d3 29.Re3 d2
30.Qc7 Rc8 31.Qf4 Qa6 32.Qf5 Qxc4 33.Rg3 Qe6 34.Qf3 Qe1+ 35.Kh2 Bd6 36.Qxb7 Rd8
37.Qf3 Ne4 38.b7 Nxf2 39.Rxe1 dxe1=Q 40.Bb3 Qh1+  0-1

[Event "Titled Tue 21st May Late"]
[Site "chess.com INT"]
[Date "2024.05.21"]
[Round "5"]
[White "Nakamura,Hi"]
[Black "Gharibyan,Mamikon"]
[Result "1-0"]
[WhiteElo "2794"]
[BlackElo "2492"]

1.h4 a5 2.e4 c6 3.d4 d5 4.e5 h5 5.Bd3 a4 6.c3 c5 7.Ne2 Nc6 8.Be3 Nh6 9.Nd2 Nf5
10.Nf3 Nxe3 11.fxe3 Bg4 12.Ng5 c4 13.Bc2 e6 14.O-O f6 15.Bg6+ Kd7 16.Nf7 Qb6
17.Nxh8 Qxb2 18.Bc2 Kc7 19.Ng6 f5 20.Ngf4 Nd8 21.a3 Qb5 22.Qd2 Qa5 23.Ng6  1-0

[Event "Titled Tue 21st May Early"]
[Site "chess.com INT"]
[Date "2024.05.21"]
[Round "5"]
[White "Nakamura,Hi"]
[Black "Kadric,D"]
[Result "1/2-1/2"]
[WhiteElo "2794"]
[BlackElo "2558"]

1.h4 d5 2.d4 Nf6 3.c3 h6 4.Bf4 c6 5.e3 Bf5 6.f3 e6 7.g4 Bh7 8.Bd3 Bxd3 9.Qxd3 Bd6
10.Ne2 Bxf4 11.exf4 h5 12.g5 Ng8 13.f5 exf5 14.Qxf5 Qd6 15.Kf2 Ne7 16.Qf4 Qxf4
17.Nxf4 Nd7 18.Nd2 O-O-O 19.Nf1 Nf5 20.Ng3 Nxg3 21.Kxg3 g6 22.Rhe1 Rde8 23.Nd3 Kd8
24.f4 Rxe1 25.Rxe1 Re8 26.Rxe8+ Kxe8 27.f5 Ke7 28.Nf4 Nf8 29.b3 b5 30.a4 bxa4
31.bxa4 Kd6 32.Kf3 c5 33.Ke3 gxf5 34.Nxh5 Ng6 35.Ng7 cxd4+ 36.cxd4 Nxh4 37.Kf4 Kc6
38.Nxf5 Ng6+ 39.Kg4 Kd7 40.Ne3 Ke6 41.Ng2 Ne7 42.Nf4+ Kd6 43.Ne2 a5 44.Nc1 Nc6
45.Nb3 Ke6 46.Kf4 Kd6 47.Kf3 Ke6 48.Kg4 Kd6 49.Kf5 Ke7 50.g6 fxg6+ 51.Kxg6 Kd6
52.Kf6 Nxd4 53.Nxd4 Kc5 54.Ke5 Kb4 55.Nc6+ Kxa4 56.Kxd5 Kb5 57.Nxa5  1/2-1/2

[Event "Titled Tue 21st May Early"]
[Site "chess.com INT"]
[Date "2024.05.21"]
[Round "6"]
[White "Svidler,P"]
[Black "Nakamura,Hi"]
[Result "1/2-1/2"]
[WhiteElo "2689"]
[BlackElo "2794"]

1.e4 a6 2.d4 e6 3.c4 d5 4.cxd5 exd5 5.e5 c5 6.Nf3 Nc6 7.Nc3 Bg4 8.Be2 cxd4
9.Nxd4 Bxe2 10.Ncxe2 Nxe5 11.O-O Nf6 12.Qb3 Bc5 13.Qxb7 O-O 14.Qb3 Rb8 15.Qg3 Re8
16.Bg5 Qb6 17.Bxf6 Qxf6 18.b3 h5 19.Rad1 Bd6 20.Qf4 Qg6 21.Qf5 Rbc8 22.Qxg6 Nxg6
23.g3 Ba3 24.Kg2 h4 25.Rd2 a5 26.Rfd1 f6 27.Ng1 hxg3 28.hxg3 Ne7 29.Ngf3 Kf7
30.Nc2 Bc5 31.Nfd4 Red8 32.Ne3 Bb6 33.Ndc2 Rc3 34.Nd4 Rcc8 35.Kf3 g5 36.Nb5 Rc5
37.Nd4 Rc3 38.Nb5 Rc5 39.Nd4 Ng6 40.Ndf5 Ne5+ 41.Kg2 Ke6 42.Ng7+ Kf7 43.Nxd5 Rcxd5
44.Rxd5 Rxd5 45.Rxd5 Kxg7 46.f4 gxf4 47.gxf4 Ng6 48.Kf3 Kf7 49.Rb5 Bd8 50.b4 axb4
51.Rxb4 Ne7 52.a4 Nc6 53.Rc4 Na5 54.Rc5 Ke6 55.Kg4 Nb7 56.Rb5 Nd6 57.Rb8 f5+
58.Kf3 Ba5 59.Ra8 Nc4 60.Ra6+ Kd5 61.Rf6 Nd6 62.Rf8 Bd2 63.Ra8 Kc6 64.a5 Ne4
65.a6 Kb6 66.Rf8 Kxa6 67.Rxf5 Nc3 68.Re5 Kb6 69.f5 Bg5 70.f6 Bxf6 71.Re6+ Kc5
72.Rxf6 Nd5 73.Rf5 Kd4 74.Rxd5+ Kxd5  1/2-1/2

[Event "Titled Tue 21st May Late"]
[Site "chess.com INT"]
[Date "2024.05.21"]
[Round "6"]
[White "Nakamura,Hi"]
[Black "Drygalov,Sergey"]
[Result "1/2-1/2"]
[WhiteElo "2794"]
[BlackElo "2558"]

1.d4 d5 2.Nf3 Nf6 3.c4 c6 4.Nbd2 e6 5.e3 c5 6.cxd5 exd5 7.Bb5+ Bd7 8.Bxd7+ Nbxd7
9.dxc5 Nxc5 10.O-O Be7 11.b3 O-O 12.Bb2 Nfe4 13.Bd4 Bf6 14.Rc1 Rc8 15.Nxe4 Nxe4
16.Rxc8 Qxc8 17.Bxa7 Qc6 18.Bd4 Rc8 19.Bxf6 Nxf6 20.Nd4 Qc3 21.Qe2 g6 22.Rd1 Kg7
23.f3 h5 24.g3 Re8 25.Kf2 h4 26.Qd2 Qc7 27.Qb2 hxg3+ 28.hxg3 Rh8 29.Rg1 Rh2+
30.Rg2 Rh1 31.g4 Kg8 32.Ne2 Nd7 33.Qc3 Qd6 34.Ng3 Rh3 35.Qd4 Nc5 36.Qd2 Qa6
37.Kg1 Nd3 38.a4 Ne5 39.Qxd5 Qf6 40.f4 Nxg4 41.Nf1 Nxe3 42.Nxe3 Rxe3 43.Qg5 Qd4
44.Kh2 Qc3 45.Qh4 Re4 46.Qg3 Re3 47.Qh4 Re4 48.Qg3 Re3 49.Qh4  1/2-1/2

[Event "Titled Tue 21st May Early"]
[Site "chess.com INT"]
[Date "2024.05.21"]
[Round "7"]
[White "Nakamura,Hi"]
[Black "Popov,Konstantin"]
[Result "1/2-1/2"]
[WhiteElo "2794"]
[BlackElo "2379"]

1.h4 h5 2.e4 c5 3.Nf3 d6 4.c3 Nf6 5.Ng5 Nc6 6.d4 cxd4 7.cxd4 d5 8.e5 Ne4
9.Nc3 Nxc3 10.bxc3 Bf5 11.e6 fxe6 12.Bd3 Qd7 13.O-O g6 14.Re1 Bg7 15.Bxf5 exf5
16.Ne6 Bf6 17.Qf3 b6 18.Nf4 O-O-O 19.Nxg6 Rh7 20.Bg5 Rg8 21.Nf4 Bxg5 22.hxg5 Rxg5
23.Nxd5 Rhg7 24.Nf4 Rg4 25.Re6 Rxf4 26.Rxc6+ Kd8 27.Qxf4 Qxc6 28.g3 h4 29.Qxh4 Qxc3
30.Rd1 Qf3 31.Re1 Kd7 32.Re3 Qg4 33.Kh2 Qxh4+ 34.gxh4 Rg4 35.h5 Ke8 36.d5 Kf7
37.Rh3 Kg7 38.h6+ Kh7 39.Re3 Kxh6 40.Rxe7 Rd4 41.Rxa7 Rxd5 42.Ra6 Rb5 43.a4 Rb2
44.a5 Rxf2+ 45.Kg3 Ra2 46.Kf4 Rxa5 47.Rxb6+ Kg7 48.Rc6 Kf7 49.Rd6 Ke7 50.Rh6 Kf7
51.Kg5 f4+ 52.Kxf4 Kg7 53.Re6 Kf7 54.Re5 Rxe5 55.Kxe5  1/2-1/2

[Event "Titled Tue 21st May Late"]
[Site "chess.com INT"]
[Date "2024.05.21"]
[Round "7"]
[White "Duda,J"]
[Black "Nakamura,Hi"]
[Result "1-0"]
[WhiteElo "2733"]
[BlackElo "2794"]

1.e4 c5 2.Nf3 d6 3.d4 cxd4 4.Nxd4 Nf6 5.Nc3 e5 6.Bb5+ Nbd7 7.Nf5 a6 8.Bc4 Nb6
9.Bb3 d5 10.Bg5 d4 11.Ne2 h6 12.Bxf6 Qxf6 13.O-O g6 14.Ne3 dxe3 15.fxe3 Qc6
16.Bxf7+ Ke7 17.Nc3 Rh7 18.Bg8 Rg7 19.Qf3 Bg4 20.Qxg4 Rxg8 21.Qf3 Rg7 22.Rad1 Qe6
23.Nd5+ Nxd5 24.exd5 Qd6 25.c4 e4 26.Qxe4+ Kd8 27.c5 Qe7 28.Qf3 Rg8 29.d6 Qd7
30.Qxf8+ Rxf8 31.Rxf8+ Qe8 32.Rdf1 Rc8 33.Rxe8+ Kxe8 34.b4 a5 35.a3 b6 36.Rc1 Kd7
37.Kf2 Ra8 38.Kf3 Kc6 39.e4 axb4 40.axb4 b5 41.Rd1 Ra4 42.d7  1-0

[Event "Titled Tue 21st May Early"]
[Site "chess.com INT"]
[Date "2024.05.21"]
[Round "8"]
[White "Vakhidov,J"]
[Black "Nakamura,Hi"]
[Result "1/2-1/2"]
[WhiteElo "2599"]
[BlackElo "2794"]

1.c4 a6 2.Nc3 e6 3.d4 d5 4.cxd5 exd5 5.Nf3 c6 6.e4 dxe4 7.Ng5 Be7 8.Bc4 Nh6
9.Ncxe4 O-O 10.O-O Bf5 11.Re1 Nd7 12.Nf3 Ng4 13.Ng3 Bg6 14.h3 Ngf6 15.Ne5 Bb4
16.Rf1 Nb6 17.Bb3 Nfd5 18.f4 f5 19.Ne2 Be8 20.Bc2 Bd6 21.Nc3 Kh8 22.a3 Rc8
23.Qd3 Rc7 24.Kh1 Nxc3 25.bxc3 Be7 26.Rb1 Nd7 27.c4 b5 28.Bd2 Rc8 29.Bb4 c5
30.dxc5 Nxc5 31.Qxd8 Rxd8 32.Rfd1 Rc8 33.Re1 Bh4 34.Re2 bxc4 35.Nxc4 Bb5
36.Re5 Nd7 37.Bxf8 Nxe5 38.Nxe5 Rxc2 39.a4 Bc6 40.Nxc6 Bg3 41.Ne5 Bxf4 42.Bd6 Rc8
43.Ng6+ hxg6 44.Bxf4 Rc4 45.Be5 Re4 46.Bc3 Rc4 47.Be5 Re4 48.Rb8+ Kh7 49.Bb2 Rxa4
50.Rb7 g5 51.Bxg7 Kg6 52.Be5 f4 53.Bb8 Ra1+ 54.Kh2 Ra2 55.Kg1 Ra1+ 56.Kh2 Ra2
57.Rb6+ Kf5 58.Rb3 a5 59.Rb5+ Kg6 60.Rb6+ Kf5 61.Rb7 a4 62.Rf7+ Kg6 63.Rf8 a3
64.Bd6 Ra1 65.Ra8 a2 66.Bf8 Kf7 67.Bc5 Rc1 68.Bd4 Rc2 69.Kg1 Ke6 70.Kf1 Rd2
71.Bc3 Rc2 72.Bh8 Kd5 73.Ra5+ Ke4 74.Rxg5 f3 75.Rg4+ Kf5 76.gxf3 a1=Q+ 77.Bxa1 Rc1+
78.Kf2 Rxa1 79.h4 Rb1 80.Rc4 Ra1 81.Kg2 Rb1 82.Rc5+ Kf4 83.Rc4+ Kf5 84.Rc8 Ra1
85.Rf8+ Kg6 86.Kg3 Rg1+ 87.Kh2 Ra1 88.Rb8 Kh5 89.Rh8+ Kg6 90.Kg3 Rg1+ 91.Kf4 Ra1
92.Rg8+ Kh5 93.Rh8+ Kg6 94.h5+ Kg7 95.Rb8 Kh6 96.Rb5 Ra4+ 97.Kg3 Rc4 98.f4 Rc1
99.Kg4 Rg1+ 100.Kf5 Kxh5 101.Kf6+ Kh6 102.f5 Ra1 103.Re5 Ra7 104.Re7 Ra5
105.Re1 Kh7 106.Re7+ Kg8 107.Re8+ Kh7 108.Ke6 Ra6+ 109.Kf7 Rb6 110.f6 Kh6
111.Rh8+ Kg5 112.Rg8+ Kf5 113.Rf8 Rxf6+ 114.Kg7 Rxf8 115.Kxf8  1/2-1/2

[Event "Titled Tue 21st May Late"]
[Site "chess.com INT"]
[Date "2024.05.21"]
[Round "8"]
[White "Nakamura,Hi"]
[Black "Seo,Jung Min"]
[Result "1-0"]
[WhiteElo "2794"]
[BlackElo "2451"]

1.h4 d5 2.h5 h6 3.d4 Nf6 4.Bf4 Bf5 5.f3 e6 6.g4 Bh7 7.e3 c5 8.c3 Nc6 9.Nd2 Bd6
10.Bxd6 Qxd6 11.f4 Ne4 12.Ngf3 Nxd2 13.Qxd2 Be4 14.Be2 cxd4 15.exd4 O-O-O
16.Rf1 f6 17.O-O-O Kb8 18.Qe3 Rhe8 19.Bb5 a6 20.Ba4 Rc8 21.Bc2 Bxc2 22.Kxc2 Na5
23.Kb1 Nc4 24.Qc1 Rc6 25.Rfe1 Rec8 26.Re2 a5 27.Rde1 Qd7 28.Nd2 Nxd2+ 29.Qxd2 Rb6
30.Re3 Rcc6 31.Qf2 Qc7 32.Ka1 a4 33.a3 Ka7 34.f5 exf5 35.Qxf5 Rb5 36.R1e2 Qb6
37.Qd7 Rc7 38.Qd8 Rc6 39.Qxb6+ Rbxb6 40.Re7 f5 41.gxf5 Rf6 42.R2e5 Rbd6 43.Rxg7  1-0

[Event "Titled Tue 21st May Early"]
[Site "chess.com INT"]
[Date "2024.05.21"]
[Round "9"]
[White "Nakamura,Hi"]
[Black "Kazakouski,Valery"]
[Result "1-0"]
[WhiteElo "2794"]
[BlackElo "2603"]

1.h4 d5 2.d4 Nf6 3.c3 c6 4.Bf4 Bf5 5.f3 Qb6 6.Qb3 h5 7.Nd2 e6 8.e3 Nbd7 9.Ne2 Be7
10.c4 Bb4 11.Nc3 Be7 12.c5 Qxb3 13.axb3 O-O 14.b4 a6 15.Nb3 Bd8 16.b5 cxb5
17.Nxb5 Bc2 18.Nc1 Be7 19.Nd6 Rfb8 20.b4 Bg6 21.Nb3 Ne8 22.Nxe8 Rxe8 23.Na5 b6
24.Nc6 bxc5 25.Nxe7+ Rxe7 26.Bd6 Ree8 27.dxc5 a5 28.Bb5 axb4 29.Kd2 b3 30.Bxd7 Rxa1
31.Rxa1 b2 32.Re1 Ra8 33.Be5 Ra2 34.Kc3 b1=Q 35.Rxb1 Bxb1 36.c6 f6 37.Bd6 Kf7
38.c7 Rxg2 39.Bxe6+ Kxe6 40.c8=Q+ Kxd6 41.Qb8+ Ke6 42.Qxb1  1-0

[Event "Titled Tue 21st May Late"]
[Site "chess.com INT"]
[Date "2024.05.21"]
[Round "9"]
[White "Szpar,Milosz"]
[Black "Nakamura,Hi"]
[Result "0-1"]
[WhiteElo "2509"]
[BlackElo "2794"]

1.e4 g6 2.d4 c6 3.Nf3 d5 4.e5 Bg4 5.Nbd2 c5 6.dxc5 Nd7 7.h3 Bxf3 8.Nxf3 Qa5+
9.c3 Qxc5 10.Be3 Qc6 11.Nd4 Qb6 12.Nb5 Qc6 13.Qxd5 Qxd5 14.Nc7+ Kd8 15.Nxd5 e6
16.Nf4 Nxe5 17.O-O-O+ Kc7 18.Be2 Ne7 19.Rhe1 N7c6 20.Bb5 a6 21.Bf1 Bg7 22.Kc2 Rhd8
23.Nd3 Nxd3 24.Bxd3 Be5 25.a4 Rac8 26.Be4 Rxd1 27.Rxd1 Bd6 28.b4 f5 29.Bxc6 Kxc6
30.b5+ axb5 31.axb5+ Kc7 32.Kb3 e5 33.f3 Re8 34.c4 Bf8 35.Rd5 e4 36.f4 b6
37.g4 fxg4 38.hxg4 Ra8 39.Bd4 Ra3+ 40.Kc2 e3 41.Kd1 Bd6 42.f5 gxf5 43.gxf5 Bf4
44.f6 Rd3+ 45.Ke1 Rd2 46.Be5+ Bxe5 47.Rxe5 Rf2 48.Re7+ Kd6 49.Rxh7 Kc5 50.Rc7+ Kd4
51.f7 Kd3 52.Rd7+ Kxc4 53.Re7 Kd3 54.Rd7+ Kc4 55.Re7 Kxb5 56.Rxe3 Rxf7 57.Kd2 Rc7
58.Rb3+ Ka5 59.Ra3+ Kb4 60.Ra1 b5 61.Rb1+ Ka5 62.Ra1+ Kb6 63.Rb1 Rc4 64.Ra1 Kc5
65.Rb1 Kb6 66.Kd3 Rc6 67.Kd4 Rc2 68.Kd3 Rc4 69.Rb2 Kc5 70.Rb1 b4 71.Rb2 Rc3+
72.Kd2 Kb5 73.Ra2 Rc7 74.Ra8 b3 75.Rb8+ Ka4 76.Ra8+ Kb4 77.Ra1 b2 78.Rb1 Kb3
79.Kd3 Rd7+  0-1

[Event "Titled Tue 21st May Late"]
[Site "chess.com INT"]
[Date "2024.05.21"]
[Round "10"]
[White "Nakamura,Hi"]
[Black "Corrales Jimenez,F"]
[Result "1-0"]
[WhiteElo "2794"]
[BlackElo "2545"]

1.h4 d5 2.d4 c6 3.Bf4 Bf5 4.e3 Nf6 5.c4 e6 6.Qb3 Qb6 7.Nc3 dxc4 8.Bxc4 Nd5
9.Bg3 Nb4 10.e4 Bg4 11.f3 Bh5 12.Nge2 Nd7 13.Nf4 Qxd4 14.Nce2 Qc5 15.a3 Nb6
16.axb4 Qxc4 17.Qxc4 Nxc4 18.Nxh5 Bxb4+ 19.Kf1 O-O 20.Be1 a5 21.Bc3 Rfd8
22.Bxg7 Bc5 23.Bh6 Nxb2 24.Rh3 f6 25.Rg3+ Kf7 26.Rg7+ Ke8 27.Nxf6+  1-0